000 01940cam a22004814i 4500
003 PE-LiUPU
005 20250731165500.0
008 150623s r 000 0 d
020 _a8488881010
035 _a(Sirsi) i9788488881014
040 _aPE-LiUPU
_bspa
_cPE-LiUPU
_erda
049 _aPRUA
082 0 4 _a001.4
_bG25M
_221
100 1 _aGarcía de la Fuente, Olegario,
_eautor.
245 1 0 _aMetodología de la investigación científica :
_bcómo hacer una tesis en la era de la informática /
_cOlegario García de la Fuente.
264 1 _aMadrid :
_bCEES,
_c1994.
300 _a323 páginas ;
_c23 centímetros
336 _atext
_2rdacontent
337 _aunmediated
_2rdamedia
338 _avolume
_2rdacarrier
505 0 _aIntroducción. -Haciendo un poco de historia. -los apuntes de clase, el estudio y los exámenes. -Elementos del trabajo científico. -Tipos de trabajos científicos. -Elección del tema de trabajo. -Recogida del material. -Estudio del material. -Estructura de un trabajo científico. -Elaboración del trabajo. -Presentación de la tesis doctoral. -La defensa de la tesis. -Preparación del trabajo para la imprenta. -Apéndice.
526 _aSEG44
526 _aSEG26
526 _aP151
526 _aP150
526 _aP149
526 _aP146
526 _aP145
526 _aP126
526 _aP125
526 _aP92
526 _aP75
526 _aP74
526 _aP27
526 _aP15
650 0 4 _aInvestigación
_xMetodología.
942 _2ddc
_cBOOK
949 _a001.4 G25M
_wDEWEY
_c1
_i46021
_lCCODEBUL1
_mBUL
_r0
_sY
_tBOOK
_u2015-6-24
_xINGENIERIA
_zUNKNOWN
_0COMPRA
_o.STAFF. Colección General
994 _aC0
_bPEPRU
596 _a1
999 _a001.4 G25M
_wDEWEY
_c22804
_i46021
_d22804
_f2021-11-4
_g6
_lCCODEBUL1
_mBUL
_q2
_r0
_sY
_tBOOK
_u2015-6-24
_xBIBLIOTECA
_zUNKNOWN
_0COMPRA
_o.STAFF. Colección General
980 _81
_gALBERTO SANCHEZ Responsable de Automatización